000 00736nam a2200265Ia 4500
003 OSt
005 20220918164602.0
006 a|||||r|||| 00| 0
007 ta
008 220917b |||||||| |||| 00| 0 eng d
020 _a0691067422
024 _a36,293
037 _cTextual
040 _aARTS
_cARTS
_beng
041 _2eng
_aeng
082 _aO122,3:g, 111M8
100 _aWimmers Inge Crosman
_919576
245 0 _aPoetics of reading
_b approaches to the novel
260 _aPrinceton
_bPrinceton Univ Press
_c1988
300 _axxii,163p.
_ccm.
500 _aBib 165-79p
650 _aENGLISH LITERATURE
942 _hO122,3:g, 111M8
_cTEXL
_2CC
999 _c125442
_d125442